000 00602nam a2200193Ia 4500
005 20250508165321.0
008 008 250505s9999 xx 000 0 eng d
037 _aDissertations
040 _aFEDL
_beng
_cFEDL
041 _aeng
_2eng
084 _a371.9, CHO/DI
_qFEDL
100 _aChoudhary Preeti
_9780482
245 0 _aTo study the school experiences of children with special needs in an inclusive set up
260 _c2013
300 _a122p.
546 _aM.Ed. Dissertation, (Delhi University); C D Included
942 _cDIS
_h371.9, CHO/DI
999 _c1394419
_d1394419